Rozhodovanie s viacerými cieľmi a Taguchiho metóda

Pojem experiment. Navrhovanie experimentov a zlepšovanie procesu. Viacfaktorové experimenty a robustný návrh. Viackrieteriálne rozhodovanie pomocou funkcie užitočnosti. Aplikácia aditívnej funkcie užitočnosti.

Gespeichert in:
Bibliographische Detailangaben
1. Verfasser: Terek, Milan
Format: Buchkapitel
Sprache:Slowakisch
Schlagworte:
Tags: Tag hinzufügen
Keine Tags, Fügen Sie das erste Tag hinzu!

MARC

LEADER 00000naa$a2200000$$$4500
001 0043968
005 20240502071521.3
041 0 |a slo 
044 |a SK 
245 1 0 |a Rozhodovanie s viacerými cieľmi a Taguchiho metóda  |c Milan Terek 
520 |a Pojem experiment. Navrhovanie experimentov a zlepšovanie procesu. Viacfaktorové experimenty a robustný návrh. Viackrieteriálne rozhodovanie pomocou funkcie užitočnosti. Aplikácia aditívnej funkcie užitočnosti. 
610 2 0 |a rozhodovanie viackriteriálne 
610 2 0 |a riadenie kvality 
610 2 0 |a experimenty 
610 2 0 |a funkcie úžitkové 
610 2 0 |a modelovanie ekonometrické 
100 1 |a Terek, Milan